[Event "Titled Tuesday intern op 06th Feb Early"]
[Site "Chess.com INT"]
[Date "2024.02.06"]
[Round "7"]
[White "Aslanov, Umid Fuad"]
[Black "Celik, Ali Alper"]
[Result "1-0"]
[WhiteElo "2211"]
[BlackElo "2126"]
[PlyCount "69"]
[EventDate "2024.02.06"]
[EventType "swiss (blitz)"]
[EventRounds "11"]
[EventCountry "USA"]
[SourceTitle "CB07_2024"]
[SourceDate "2024.02.14"]
[SourceVersion "1"]
[SourceVersionDate "2024.02.14"]
[SourceQuality "1"]

1. e4 c5 2. Nf3 d6 3. d4 cxd4 4. Nxd4 Nf6 5. Nc3 Nc6 6. Bc4 e6 7. Be3 a6 8. Qe2 Bd7 9. Bb3 Rc8 10. 0-0-0 Na5 11. f3 Rxc3 12. bxc3 Qc7 13. Kb2 Be7 14. g4 0-0 15. g5 Nh5 16. f4 g6 17. f5 Rc8 18. Bd2 e5 19. fxg6 hxg6 20. Nf5 Bf8 21. Nh6+ Bxh6 22. gxh6 Bb5 23. Qg4 Nc4+ 24. Bxc4 Bxc4 25. Rhg1 Kh7 26. Rb1 Be6 27. Qf3 Qb6+ 28. Ka1 Qa5 29. Rb2 Rc4 30. Rxb7 Nf4 31. Rxg6 Rxc3 32. Rxe6 Rxf3 33. Rxf7+ Kg8 34. Rg7+ Kh8 35. Re8# 1-0

[Event "Titled Tuesday intern op 06th Feb Early"]
[Site "Chess.com INT"]
[Date "2024.02.06"]
[Round "2"]
[White "Celik, Ali Alper"]
[Black "Vila Dupla, Aurelio"]
[Result "1-0"]
[WhiteElo "2126"]
[BlackElo "2042"]
[PlyCount "79"]
[EventDate "2024.02.06"]
[EventType "swiss (blitz)"]
[EventRounds "11"]
[EventCountry "USA"]
[SourceTitle "CB07_2024"]
[SourceDate "2024.02.14"]
[SourceVersion "1"]
[SourceVersionDate "2024.02.14"]
[SourceQuality "1"]

1. e4 e6 2. d4 d5 3. Nd2 Nf6 4. e5 Nfd7 5. Ngf3 b6 6. c3 Ba6 7. Bxa6 Nxa6 8. 0-0 Be7 9. Re1 c5 10. Nf1 Nab8 11. g3 Nc6 12. h4 h5 13. Bf4 g6 14. Ne3 Kf8 15. Qe2 Kg7 16. Rad1 c4 17. b3 b5 18. b4 a5 19. a3 axb4 20. axb4 Nb6 21. Ng5 Qd7 22. Kg2 Ra3 23. Qc2 Rha8 24. Qb1 Rxc3 25. g4 Nxb4 26. gxh5 Nd3 27. Bg3 Rb3 28. Qc2 Rb2 29. Qc3 Na4 30. h6+ Kxh6 31. Rxd3 Nxc3 32. Rxc3 b4 33. Ng4+ Kg7 34. Rf3 Bxg5 35. hxg5 c3 36. Nf6 Qb7 37. Rh1 Rh8 38. Rxh8 Kxh8 39. Bf4 Kg7 40. Rh3 1-0

[Event "Titled Tuesday intern op 06th Feb Early"]
[Site "Chess.com INT"]
[Date "2024.02.06"]
[Round "4"]
[White "Maltsevskaya, Aleksandra"]
[Black "Celik, Ali Alper"]
[Result "1-0"]
[WhiteElo "2374"]
[BlackElo "2126"]
[PlyCount "81"]
[EventDate "2024.02.06"]
[EventType "swiss (blitz)"]
[EventRounds "11"]
[EventCountry "USA"]
[SourceTitle "CB07_2024"]
[SourceDate "2024.02.14"]
[SourceVersion "1"]
[SourceVersionDate "2024.02.14"]
[SourceQuality "1"]

1. Nf3 d5 2. g3 c6 3. d3 Bg4 4. Nbd2 Nd7 5. Bg2 e6 6. 0-0 Ngf6 7. e4 Bd6 8. h3 Bh5 9. Re1 e5 10. exd5 cxd5 11. g4 Bg6 12. Nxe5 0-0 13. Nxd7 Qxd7 14. Nf3 Rfe8 15. Rxe8+ Rxe8 16. Bg5 h5 17. Bxf6 hxg4 18. hxg4 gxf6 19. Nh4 Bb8 20. Nxg6 fxg6 21. Qf3 Kg7 22. Qxd5 Qxg4 23. Qxb7+ Kh6 24. Qf3 Qd4 25. c3 Qe5 26. d4 Qh2+ 27. Kf1 Kg7 28. Re1 Rxe1+ 29. Kxe1 Qg1+ 30. Kd2 Kh6 31. Kc2 Kg5 32. a4 a5 33. Kb3 Bf4 34. Bh3 Qc1 35. Be6 f5 36. Bf7 Kf6 37. Be8 Bd6 38. Qd5 Bh2 39. Qf7+ Kg5 40. Qxg6+ Kf4 41. Qh6+ 1-0

[Event "Titled Tuesday intern op 16th Jan Early"]
[Site "Chess.com INT"]
[Date "2024.01.16"]
[Round "7"]
[White "Bournel, Antoine"]
[Black "Celik, Ali Alper"]
[Result "0-1"]
[WhiteElo "2324"]
[BlackElo "2222"]
[PlyCount "110"]
[EventDate "2024.01.16"]
[EventType "swiss (blitz)"]
[EventRounds "11"]
[EventCountry "USA"]
[SourceTitle "CB04_2024"]
[SourceDate "2023.10.16"]
[SourceVersion "1"]
[SourceVersionDate "2023.10.16"]
[SourceQuality "1"]

1. d4 d5 2. c4 c6 3. Nf3 Nf6 4. Nc3 dxc4 5. e4 b5 6. Qc2 e6 7. Be2 Be7 8. 0-0 0-0 9. Rd1 a6 10. Bf4 Nbd7 11. b3 cxb3 12. axb3 Bb7 13. h4 Rc8 14. Ne5 c5 15. d5 exd5 16. exd5 Nxe5 17. d6 Bxd6 18. Bxe5 Bxe5 19. Rxd8 Rfxd8 20. Rd1 Bd4 21. Bf3 Bxf3 22. gxf3 g6 23. Ne2 Nd5 24. Kg2 Bf6 25. Qe4 Ne3+ 26. Qxe3 Rxd1 27. h5 c4 28. bxc4 bxc4 29. Ng3 c3 30. Ne4 Bh8 31. Ng5 c2 32. Qe7 Rg1+ 33. Kxg1 c1Q+ 34. Kg2 Qc4 35. Ne4 Qe6 36. Qb7 gxh5 37. Ng5 Qf5 38. f4 h6 39. Nxf7 Qg4+ 40. Kh2 Qh4+ 41. Kg2 Qg4+ 42. Kh2 Qxf4+ 43. Kg2 Qg4+ 44. Kh2 Qf4+ 45. Kg2 Qxf7 46. Qxc8+ Kh7 47. Kf1 Bd4 48. Qc2+ Kg7 49. f4 Qxf4+ 50. Ke1 Qe3+ 51. Kd1 Qf3+ 52. Kc1 Qc3 53. Kd1 Qxc2+ 54. Ke1 h4 55. Kf1 Qf2# 0-1

[Event "Titled Tuesday intern op 16th Jan Early"]
[Site "Chess.com INT"]
[Date "2024.01.16"]
[Round "3"]
[White "Celik, Ali Alper"]
[Black "Abel Mathewos, Tilahun"]
[Result "1-0"]
[WhiteElo "2222"]
[BlackElo "1953"]
[PlyCount "81"]
[EventDate "2024.01.16"]
[EventType "swiss (blitz)"]
[EventRounds "11"]
[EventCountry "USA"]
[SourceTitle "CB04_2024"]
[SourceDate "2023.10.16"]
[SourceVersion "1"]
[SourceVersionDate "2023.10.16"]
[SourceQuality "1"]

1. e4 e6 2. d4 d5 3. Nd2 Nc6 4. Ngf3 Nf6 5. e5 Nd7 6. c3 f6 7. Bb5 a6 8. Bxc6 bxc6 9. 0-0 Be7 10. Re1 f5 11. Nb3 0-0 12. Na5 Nb8 13. Bd2 c5 14. Nb3 Nd7 15. dxc5 Nxc5 16. Nbd4 Bd7 17. Qe2 Ne4 18. b4 c5 19. bxc5 Bxc5 20. c4 Qe7 21. cxd5 exd5 22. Be3 f4 23. Bc1 Bg4 24. Bb2 Ng5 25. Qd3 Bxd4 26. Nxd4 f3 27. h4 Nh3+ 28. gxh3 Bxh3 29. Nxf3 Qe6 30. Ng5 Qg4+ 31. Qg3 Qd7 32. Qxh3 Qxh3 33. Nxh3 h6 34. e6 Rfe8 35. Kg2 Rab8 36. Re2 Rb4 37. Rae1 Rg4+ 38. Kh2 Rxh4 39. Kg3 Rh5 40. f4 Rf5 41. Re5 1-0

[Event "Titled Tuesday intern op 16th Jan Early"]
[Site "Chess.com INT"]
[Date "2024.01.16"]
[Round "8"]
[White "Celik, Ali Alper"]
[Black "Nazari, Arad"]
[Result "1-0"]
[WhiteElo "2222"]
[BlackElo "2375"]
[PlyCount "55"]
[EventDate "2024.01.16"]
[EventType "swiss (blitz)"]
[EventRounds "11"]
[EventCountry "USA"]
[SourceTitle "CB04_2024"]
[SourceDate "2023.10.16"]
[SourceVersion "1"]
[SourceVersionDate "2023.10.16"]
[SourceQuality "1"]

1. e4 g5 2. d4 e6 3. Nc3 Bg7 4. Be3 h6 5. Bd3 Nc6 6. Nge2 Nge7 7. 0-0 d5 8. e5 Nb4 9. f4 Nxd3 10. Qxd3 Nf5 11. g4 Nxe3 12. Qxe3 Bd7 13. f5 h5 14. f6 Bf8 15. Qxg5 hxg4 16. Nf4 c5 17. Rae1 Qb6 18. Ncxd5 exd5 19. e6 Bxe6 20. Nxe6 fxe6 21. Qxd5 Kf7 22. Qd7+ Kg6 23. f7 Rd8 24. Rxe6+ Kh5 25. Re5+ Kh4 26. Qf5 g3 27. Qg5+ Kh3 28. Qxg3# 1-0

[Event "Titled Tuesday intern op 16th Jan Early"]
[Site "Chess.com INT"]
[Date "2024.01.16"]
[Round "2"]
[White "Domingo Nunez, Alejandro"]
[Black "Celik, Ali Alper"]
[Result "1-0"]
[WhiteElo "2313"]
[BlackElo "2222"]
[PlyCount "59"]
[EventDate "2024.01.16"]
[EventType "swiss (blitz)"]
[EventRounds "11"]
[EventCountry "USA"]
[SourceTitle "CB04_2024"]
[SourceDate "2023.10.16"]
[SourceVersion "1"]
[SourceVersionDate "2023.10.16"]
[SourceQuality "1"]

1. Nf3 c6 2. g3 d5 3. Bg2 Nf6 4. 0-0 Bf5 5. d3 e6 6. c4 Be7 7. cxd5 exd5 8. Nh4 Bg6 9. Nxg6 hxg6 10. e4 dxe4 11. dxe4 Nbd7 12. f4 0-0 13. Nc3 Nc5 14. e5 Nfd7 15. Be3 Ne6 16. Qc2 Bc5 17. Bxc5 Ndxc5 18. Rad1 Qb6 19. Kh1 Rfd8 20. h4 Nd4 21. Qf2 Nce6 22. g4 Nc7 23. f5 gxf5 24. gxf5 Ndb5 25. Qg3 Nxc3 26. bxc3 Qc5 27. f6 Ne6 28. Bh3 g6 29. Bxe6 Re8 30. Qxg6+ 1-0

[Event "Rilton Cup 51st"]
[Site "Stockholm"]
[Date "2024.01.04"]
[Round "8"]
[White "Celik, Ali Alper"]
[Black "Gomez Aguirre, Juan Alberto"]
[Result "1/2-1/2"]
[WhiteElo "2222"]
[BlackElo "2068"]
[PlyCount "82"]
[EventDate "2023.12.27"]
[EventType "swiss"]
[EventRounds "9"]
[EventCountry "SWE"]
[SourceTitle "CB02_2024"]
[SourceDate "2024.01.10"]
[SourceVersion "1"]
[SourceVersionDate "2024.01.10"]
[SourceQuality "1"]

1. e4 e5 2. Nf3 Nc6 3. Bb5 a6 4. Bxc6 dxc6 5. 0-0 Bd6 6. d4 exd4 7. Qxd4 f6 8. Nbd2 Be6 9. b3 Ne7 10. Nc4 Bxc4 11. Qxc4 Qd7 12. Bb2 0-0-0 13. e5 fxe5 14. Nxe5 Bxe5 15. Bxe5 Ng6 16. f4 Rhe8 17. Rae1 Qd5 18. Qxd5 cxd5 19. Bxg7 Rxe1 20. Rxe1 Nxf4 21. g3 Ng6 22. h4 Rg8 23. Bf6 h5 24. Bg5 Kd7 25. Kg2 Rf8 26. g4 hxg4 27. Kg3 Rf3+ 28. Kxg4 Rf2 29. h5 Nf8 30. h6 Rf7 31. Bf4 c6 32. Be5 Ne6 33. Rh1 Nf8 34. Bg7 Ne6 35. h7 Rxg7+ 36. Kf5 Ke7 37. Rh5 Rf7+ 38. Kg4 Rg7+ 39. Kf5 Rf7+ 40. Kg4 Rg7+ 41. Kf5 Rf7+ 1/2-1/2

[Event "Rilton Cup 51st"]
[Site "Stockholm"]
[Date "2024.01.03"]
[Round "7"]
[White "Kuznecova, Marija"]
[Black "Celik, Ali Alper"]
[Result "0-1"]
[WhiteElo "2011"]
[BlackElo "2222"]
[PlyCount "64"]
[EventDate "2023.12.27"]
[EventType "swiss"]
[EventRounds "9"]
[EventCountry "SWE"]
[SourceTitle "CB02_2024"]
[SourceDate "2024.01.10"]
[SourceVersion "1"]
[SourceVersionDate "2024.01.10"]
[SourceQuality "1"]

1. e4 c5 2. Nf3 e6 3. d4 cxd4 4. Nxd4 a6 5. Nc3 b5 6. a3 Bb7 7. Bd3 Nc6 8. Nxc6 Bxc6 9. 0-0 Ne7 10. Qe2 Ng6 11. f4 Bc5+ 12. Kh1 0-0 13. Rf3 Qh4 14. Bd2 f5 15. Raf1 Qg4 16. Qe1 Rae8 17. Rg3 Qh4 18. Qd1 d5 19. Rh3 Qxh3 20. gxh3 dxe4 21. Be2 Rd8 22. Qe1 Rxd2 23. Bf3 Rxc2 24. b4 Bd4 25. Nxe4 fxe4 26. Bxe4 Rc1 27. Bxc6 Rxe1 28. Rxe1 Nxf4 29. Bb7 e5 30. Rc1 Rf6 31. Rc8+ Kf7 32. Rc7+ Kg6 0-1

[Event "Rilton Cup 51st"]
[Site "Stockholm"]
[Date "2023.12.30"]
[Round "4"]
[White "Krishnan, Ritvik"]
[Black "Celik, Ali Alper"]
[Result "1-0"]
[WhiteElo "2346"]
[BlackElo "2222"]
[PlyCount "69"]
[EventDate "2023.12.27"]
[EventType "swiss"]
[EventRounds "9"]
[EventCountry "SWE"]
[SourceTitle "CB02_2024"]
[SourceDate "2024.01.10"]
[SourceVersion "1"]
[SourceVersionDate "2024.01.10"]
[SourceQuality "1"]

1. d4 d5 2. c4 c6 3. Nf3 Nf6 4. Nc3 dxc4 5. a4 Bf5 6. Ne5 Nbd7 7. Nxc4 e6 8. f3 Be7 9. e4 Bg6 10. Be3 0-0 11. Be2 Qc7 12. 0-0 Rfd8 13. Qb3 a6 14. a5 c5 15. d5 exd5 16. exd5 Bd6 17. Nxd6 Qxd6 18. Qxb7 Ne5 19. Qb6 Nxd5 20. Qxd6 Rxd6 21. Bxc5 Nxc3 22. bxc3 Rd2 23. Bd1 Rc8 24. Be3 Rb2 25. Bd4 Nc4 26. Rf2 Rcb8 27. Be2 Nd2 28. Bb6 Nb3 29. Rd1 Bc2 30. Re1 Re8 31. Rff1 h6 32. Bxa6 Rxe1 33. Rxe1 Ra2 34. Bf1 Kf8 35. a6 1-0

[Event "Ayvalik Lemon"]
[Site "Ayvalik"]
[Date "2023.09.07"]
[Round "5"]
[White "Celik, Ali Alper"]
[Black "Ozsakallioglu, Okan"]
[Result "0-1"]
[WhiteElo "2192"]
[BlackElo "2277"]
[PlyCount "84"]
[EventDate "2023.09.04"]
[EventType "schev"]
[EventRounds "9"]
[EventCountry "TUR"]
[SourceTitle "EXT 2024"]
[Source "ChessBase"]
[SourceDate "2023.10.10"]
[SourceVersion "1"]
[SourceVersionDate "2023.10.10"]
[SourceQuality "1"]
[WhiteTeam "Team C"]
[BlackTeam "Team A"]
[WhiteTeamCountry "TUR"]
[BlackTeamCountry "TUR"]

1. e4 d6 2. d4 g6 3. Nc3 Bg7 4. Be3 a6 5. Be2 b6 6. Nf3 Bb7 7. h3 e6 8. 0-0 Nd7 9. Qd2 h6 10. Rad1 Ne7 11. Rfe1 g5 12. b4 Ng6 13. a4 0-0 14. b5 axb5 15. axb5 Ra3 16. Nb1 Ra5 17. Bd3 Qa8 18. Nc3 Nf6 19. Nh2 Ra3 20. Nb1 Ra1 21. Nc3 Rxd1 22. Qxd1 Nxe4 23. Bxe4 Bxe4 24. Nxe4 Qxe4 25. Bxg5 Qd5 26. Be3 Qxb5 27. Qf3 Qc4 28. Ng4 Kh7 29. Nxh6 Bxh6 30. Qh5 Rh8 31. Qxh6+ Kg8 32. Qg5 Kg7 33. Rd1 b5 34. d5 e5 35. Qf5 Ra8 36. Bg5 Kg8 37. Qf6 Kf8 38. h4 Qg4 39. Rd3 e4 40. Rd4 Kg8 41. Kh2 Ne5 42. f3 exf3 0-1

[Event "Ayvalik Lemon"]
[Site "Ayvalik"]
[Date "2023.09.05"]
[Round "2"]
[White "Akbas, Umut Ata"]
[Black "Celik, Ali Alper"]
[Result "1/2-1/2"]
[WhiteElo "2443"]
[BlackElo "2192"]
[PlyCount "106"]
[EventDate "2023.09.04"]
[EventType "schev"]
[EventRounds "9"]
[EventCountry "TUR"]
[SourceTitle "EXT 2024"]
[Source "ChessBase"]
[SourceDate "2023.10.10"]
[SourceVersion "1"]
[SourceVersionDate "2023.10.10"]
[SourceQuality "1"]
[WhiteTeam "Team A"]
[BlackTeam "Team C"]
[WhiteTeamCountry "TUR"]
[BlackTeamCountry "TUR"]

1. d4 d5 2. c4 c6 3. Nf3 Nf6 4. Nc3 dxc4 5. a4 Bf5 6. Ne5 Nbd7 7. Nxc4 Nb6 8. e3 e6 9. a5 Nbd7 10. f3 Be7 11. e4 Bg6 12. Be2 0-0 13. 0-0 b5 14. Ne3 b4 15. Nb1 Qc7 16. Nd2 Rfd8 17. Qc2 Bd6 18. g3 c5 19. Nb3 Nd5 20. Kg2 Rac8 21. Bd2 Nxe3+ 22. Bxe3 c4 23. Nd2 c3 24. Nc4 cxb2 25. Qxb2 Bf8 26. Rfc1 Qb7 27. a6 Qa8 28. Na5 Rxc1 29. Bxc1 Nb6 30. Nb7 Rc8 31. Bf4 Rc3 32. Rc1 Na4 33. Qd2 Qc8 34. Bd1 Rxc1 35. Qxc1 Nc3 36. Bb3 Qc6 37. Qf1 Nxe4 38. fxe4 Bxe4+ 39. Kf2 Qc3 40. Qd1 Qb2+ 41. Ke3 Bg6 42. Nc5 e5 43. Bxe5 Bxc5 44. Bd5 Qc3+ 45. Kf2 Bf8 46. g4 Qc2+ 47. Qxc2 Bxc2 48. Ke3 b3 49. Kd2 Bb4+ 50. Kc1 Ba3+ 51. Kd2 Bb4+ 52. Kc1 Ba3+ 53. Kd2 Bb4+ 1/2-1/2

[Event "Belgrade Serbia op"]
[Site "Belgrade"]
[Date "2023.07.24"]
[Round "9"]
[White "Aakash Sharadchandra, Dalvi"]
[Black "Celik, Ali Alper"]
[Result "1/2-1/2"]
[WhiteElo "2210"]
[BlackElo "2038"]
[PlyCount "106"]
[EventDate "2023.07.16"]
[EventType "swiss"]
[EventRounds "9"]
[EventCountry "SRB"]
[SourceTitle "EXT 2024"]
[Source "ChessBase"]
[SourceDate "2023.10.10"]
[SourceVersion "1"]
[SourceVersionDate "2023.10.10"]
[SourceQuality "1"]

1. d4 d5 2. Bf4 c5 3. e3 cxd4 4. exd4 Nc6 5. c3 Bf5 6. Qb3 Qd7 7. Nf3 e6 8. Nbd2 f6 9. h4 a6 10. h5 b5 11. a4 b4 12. c4 Bd6 13. Bxd6 Qxd6 14. c5 Qd7 15. Be2 Nge7 16. 0-0 0-0 17. Qe3 Bg4 18. Bd3 Bxh5 19. Rfe1 Bf7 20. Qe2 Ng6 21. Bxa6 e5 22. dxe5 fxe5 23. Bb5 e4 24. Ng5 Nf4 25. Qe3 Bg6 26. Nb3 h6 27. Bxc6 Qxc6 28. Nd4 Qf6 29. Nh3 Nd3 30. b3 Nxc5 31. Rec1 Nd3 32. Rc6 Qf7 33. Qg3 Bf5 34. Nf4 Ne5 35. Rxh6 Bg4 36. Re6 Bxe6 37. Nfxe6 Qf6 38. Nxf8 Nf3+ 39. gxf3 Qxd4 40. Re1 Rxf8 41. fxe4 dxe4 42. Qh4 Qd5 43. Re3 Re8 44. Qg4 Qc6 45. Rg3 Re7 46. Qg5 Rd7 47. Qg6 Qxg6 48. Rxg6 Rd3 49. Rg3 Rd1+ 50. Kg2 Kf7 51. Re3 Rb1 52. Kg3 g5 53. Kg4 Kf6 1/2-1/2

[Event "Belgrade Serbia op"]
[Site "Belgrade"]
[Date "2023.07.23"]
[Round "8"]
[White "Celik, Ali Alper"]
[Black "Toncheva, Nadya"]
[Result "0-1"]
[WhiteElo "2038"]
[BlackElo "2263"]
[PlyCount "95"]
[EventDate "2023.07.16"]
[EventType "swiss"]
[EventRounds "9"]
[EventCountry "SRB"]
[SourceTitle "EXT 2024"]
[Source "ChessBase"]
[SourceDate "2023.10.10"]
[SourceVersion "1"]
[SourceVersionDate "2023.10.10"]
[SourceQuality "1"]

1. e4 c5 2. Nc3 Nc6 3. Bb5 Nd4 4. Bc4 a6 5. a4 Nf6 6. Nge2 e6 7. 0-0 d5 8. exd5 exd5 9. Ba2 Nc6 10. Nf4 d4 11. Re1+ Be7 12. Ncd5 0-0 13. Nxe7+ Nxe7 14. Nh5 Nfd5 15. d3 Qd6 16. Bg5 Bd7 17. Qf3 Rae8 18. Ng3 b6 19. Re2 Bc6 20. Qg4 Qg6 21. h3 Nc8 22. Rae1 Rxe2 23. Nxe2 Re8 24. Kf1 h5 25. Qg3 Qf5 26. Bxd5 Qxd5 27. b3 Nd6 28. Bd2 Nf5 29. Qh2 Nh4 30. Nf4 Rxe1+ 31. Bxe1 Qe5 32. f3 Nf5 33. h4 Ne3+ 34. Kg1 Nxc2 35. Bf2 Na1 36. Kh1 Nxb3 37. Bg3 Qf5 38. Qg1 b5 39. axb5 axb5 40. Qe1 c4 41. dxc4 bxc4 42. Qb4 Qb5 43. Qd6 c3 44. Qd8+ Be8 45. Nd5 c2 46. Bf4 c1Q+ 47. Bxc1 Nxc1 48. Qg5 0-1

[Event "EU-ch 23rd"]
[Site "Vrnjacka Banja"]
[Date "2023.03.13"]
[Round "11"]
[White "Bouska, Jiri"]
[Black "Celik, Ali Alper"]
[Result "1-0"]
[WhiteElo "2257"]
[BlackElo "1961"]
[PlyCount "93"]
[EventDate "2023.03.03"]
[EventType "swiss"]
[EventRounds "11"]
[EventCountry "SRB"]
[SourceTitle "CBM 213"]
[Source "ChessBase"]
[SourceDate "2023.04.30"]
[SourceVersion "1"]
[SourceVersionDate "2023.04.30"]
[SourceQuality "1"]

1. e4 c5 2. Nf3 e6 3. b3 d5 4. exd5 exd5 5. Bb5+ Nc6 6. 0-0 Bd6 7. Bb2 Nf6 8. Re1+ Be6 9. d4 0-0 10. Nbd2 Re8 11. Nf1 Qb6 12. Bxc6 bxc6 13. Ng3 Bg4 14. dxc5 Bxc5 15. Qd2 Bxf3 16. Bxf6 Be4 17. Nxe4 dxe4 18. Qg5 Bf8 19. Rad1 Qc5 20. Qxc5 Bxc5 21. Bd4 Bb4 22. c3 Ba5 23. b4 Bb6 24. c4 f5 25. a4 Rad8 26. c5 Bc7 27. b5 Ba5 28. Rf1 Rd5 29. Be3 Red8 30. Rxd5 Rxd5 31. b6 axb6 32. cxb6 Rd7 33. g3 g5 34. Rc1 f4 35. gxf4 gxf4 36. Bxf4 Bxb6 37. Rxc6 Rg7+ 38. Kf1 Rf7 39. Rxb6 Rxf4 40. Rb4 Rh4 41. Kg2 Rg4+ 42. Kh3 h5 43. f3 Rf4 44. fxe4 Rf3+ 45. Kh4 Kf7 46. Kxh5 Rd3 47. Kg5 1-0

[Event "EU-ch 23rd"]
[Site "Vrnjacka Banja"]
[Date "2023.03.08"]
[Round "6"]
[White "Celik, Ali Alper"]
[Black "Manko, Mariya"]
[Result "1/2-1/2"]
[WhiteElo "1961"]
[BlackElo "2159"]
[PlyCount "94"]
[EventDate "2023.03.03"]
[EventType "swiss"]
[EventRounds "11"]
[EventCountry "SRB"]
[SourceTitle "CBM 213"]
[Source "ChessBase"]
[SourceDate "2023.04.30"]
[SourceVersion "1"]
[SourceVersionDate "2023.04.30"]
[SourceQuality "1"]

1. e4 c5 2. Nc3 Nc6 3. Bb5 g6 4. Bxc6 dxc6 5. d3 e5 6. Be3 Qe7 7. Qd2 Bg7 8. Nge2 Nf6 9. h3 Nd7 10. 0-0-0 Nf8 11. f4 f6 12. fxe5 fxe5 13. Bg5 Bf6 14. Bxf6 Qxf6 15. Rhf1 Qe7 16. Rf2 Be6 17. Rdf1 0-0-0 18. Qe3 b6 19. Qg3 Qd6 20. Ng1 Nd7 21. Nf3 Rhf8 22. Qh4 Bg8 23. Qg3 Rde8 24. Kb1 Nf6 25. b3 Nh5 26. Qh2 Kc7 27. Kb2 b5 28. Rd1 Nf4 29. Rfd2 Qf6 30. Qg1 Ne6 31. b4 Nd4 32. bxc5 Nxf3 33. gxf3 Qe6 34. a3 a5 35. d4 b4 36. axb4 axb4 37. Nb1 Qa2+ 38. Kc1 Rb8 39. Qe3 Qa1 40. Qg5 Rbe8 41. d5 b3 42. cxb3 Rxf3 43. d6+ Kb7 44. Rd3 Rf2 45. R3d2 Rf3 46. Rd3 Rf2 47. R3d2 Rf3 1/2-1/2

[Event "Bassano del Grappa Vergani Cup"]
[Site "Bassano del Grappa"]
[Date "2023.02.04"]
[Round "7"]
[White "Maione, Melissa"]
[Black "Celik, Ali Alper"]
[Result "0-1"]
[WhiteElo "2070"]
[BlackElo "1893"]
[PlyCount "98"]
[EventDate "2023.02.01"]
[EventType "swiss"]
[EventRounds "9"]
[EventCountry "ITA"]
[SourceTitle "CBM 212 Extra"]
[Source "ChessBase"]
[SourceDate "2023.03.31"]
[SourceVersion "1"]
[SourceVersionDate "2023.03.31"]
[SourceQuality "1"]

1. e4 c5 2. Nf3 e6 3. d4 cxd4 4. Nxd4 a6 5. c4 Nf6 6. Nc3 Qc7 7. Be2 b6 8. Be3 Bb7 9. f3 d6 10. Qd2 Nbd7 11. 0-0 Be7 12. Rfd1 0-0 13. Rac1 Rac8 14. Bf1 Rfe8 15. Qf2 Qb8 16. a3 Bd8 17. b4 Ne5 18. Na4 d5 19. exd5 exd5 20. Nf5 Neg4 21. fxg4 Nxg4 22. Bf4 Nxf2 23. Bxb8 Nxd1 24. Nd6 Re1 25. Nxc8 Bg5 26. Ne7+ Kf8 27. Nf5 Bxc1 28. Bg3 Re6 29. cxd5 Bxd5 30. Bxa6 Bb3 31. Bb5 Rf6 32. Bd6+ Kg8 33. g4 Ne3 34. Be5 Nxf5 35. Bxf6 Nd6 36. Bh4 Nxb5 37. Nxb6 Bxa3 38. Be1 Bb2 39. h3 Bd4+ 40. Bf2 Bxb6 41. Bxb6 f6 42. Kf2 Kf7 43. Ke3 Ke6 44. Ke4 Bc4 45. h4 Be2 46. Kf4 Nc3 47. Bc5 Nd5+ 48. Kg3 Bc4 49. Bf8 g6 0-1

[Event "TUR-ch U07/12"]
[Site "Antalya"]
[Date "2023.01.28"]
[Round "10"]
[White "Yilmaz, Oguz"]
[Black "Celik, Ali Alper"]
[Result "0-1"]
[WhiteElo "1388"]
[BlackElo "1983"]
[PlyCount "56"]
[EventDate "2023.01.17"]
[EventType "swiss"]
[EventRounds "10"]
[EventCountry "TUR"]
[SourceTitle "EXT 2024"]
[Source "ChessBase"]
[SourceDate "2023.10.10"]
[SourceVersion "1"]
[SourceVersionDate "2023.10.10"]
[SourceQuality "1"]

1. e4 c5 2. Nf3 e6 3. c3 d5 4. exd5 Qxd5 5. d4 Nf6 6. Be2 Nc6 7. 0-0 Be7 8. dxc5 Bxc5 9. Qc2 0-0 10. Rd1 Qf5 11. Bd3 Qh5 12. Nbd2 Ne5 13. Nxe5 Qxe5 14. Nf3 Qh5 15. b4 Bb6 16. Bf4 Nd5 17. Bg3 Bc7 18. Bxc7 Nxc7 19. c4 e5 20. Re1 f6 21. Rad1 Ne6 22. Bf5 Nf4 23. Bxc8 Raxc8 24. Qe4 Qg4 25. g3 Rcd8 26. Kh1 f5 27. Qxb7 Rxd1 28. Rxd1 e4 0-1

[Event "TUR-ch U07/12"]
[Site "Antalya"]
[Date "2023.01.27"]
[Round "9"]
[White "Celik, Ali Alper"]
[Black "Buyuk, Eymen Eren"]
[Result "0-1"]
[WhiteElo "1983"]
[BlackElo "1806"]
[PlyCount "60"]
[EventDate "2023.01.17"]
[EventType "swiss"]
[EventRounds "10"]
[EventCountry "TUR"]
[SourceTitle "EXT 2024"]
[Source "ChessBase"]
[SourceDate "2023.10.10"]
[SourceVersion "1"]
[SourceVersionDate "2023.10.10"]
[SourceQuality "1"]

1. e4 e6 2. d4 d5 3. Nd2 h6 4. Ngf3 Nf6 5. e5 Nfd7 6. Bd3 c5 7. c3 Nc6 8. 0-0 g5 9. h3 h5 10. Re1 cxd4 11. cxd4 g4 12. Nh2 gxh3 13. Ndf3 hxg2 14. Ng5 Qe7 15. Nh7 Rxh7 16. Bxh7 Qh4 17. Be3 Bb4 18. Re2 Nf8 19. Bc2 Bd7 20. a3 Ba5 21. Ba4 Nxe5 22. Bxd7+ Nexd7 23. Rc1 Ng6 24. f3 Nf4 25. Bxf4 Qxf4 26. Kxg2 Bb6 27. Qd2 Qxd4 28. Qh6 Ke7 29. Rce1 Rg8+ 30. Ng4 Nf6 0-1

[Event "TUR-ch U07/12"]
[Site "Antalya"]
[Date "2023.01.23"]
[Round "2"]
[White "Kilic, Tolga Mete"]
[Black "Celik, Ali Alper"]
[Result "0-1"]
[WhiteElo "1189"]
[BlackElo "1983"]
[PlyCount "50"]
[EventDate "2023.01.17"]
[EventType "swiss"]
[EventRounds "10"]
[EventCountry "TUR"]
[SourceTitle "EXT 2024"]
[Source "ChessBase"]
[SourceDate "2023.10.10"]
[SourceVersion "1"]
[SourceVersionDate "2023.10.10"]
[SourceQuality "1"]

1. d4 d5 2. Nf3 Nf6 3. c4 c6 4. Qc2 dxc4 5. Qxc4 e6 6. Nbd2 Be7 7. e4 0-0 8. g3 b5 9. Qc2 Bb7 10. Bg2 Nbd7 11. 0-0 a6 12. b3 c5 13. Bb2 Rc8 14. Qd3 cxd4 15. Nxd4 Bc5 16. N4f3 h6 17. h3 Qb6 18. Rac1 Rfd8 19. Qe2 Be7 20. Bd4 Qa5 21. Ne1 Rxc1 22. a4 Nc5 23. Qe3 e5 24. Bb2 Rxe1 25. Rxe1 Rd3 0-1

[Event "Hradec Kralove op 11th"]
[Site "Hradec Kralove"]
[Date "2022.11.08"]
[Round "5"]
[White "Moser, Axel"]
[Black "Celik, Ali Alper"]
[Result "1/2-1/2"]
[WhiteElo "2138"]
[BlackElo "1949"]
[PlyCount "45"]
[EventDate "2022.11.05"]
[EventType "swiss"]
[EventRounds "9"]
[EventCountry "CZE"]
[SourceTitle "CBM 211 Extra"]
[Source "ChessBase"]
[SourceDate "2023.01.31"]
[SourceVersion "1"]
[SourceVersionDate "2023.01.31"]
[SourceQuality "1"]

1. Nf3 d5 2. d4 Bf5 3. c4 e6 4. Nc3 c6 5. Qb3 Qb6 6. c5 Qxb3 7. axb3 Nf6 8. Bf4 Nbd7 9. b4 Be7 10. b5 0-0 11. bxc6 bxc6 12. h3 Ne4 13. Rc1 a5 14. Nxe4 Bxe4 15. Nd2 Bg6 16. e3 a4 17. Be2 a3 18. bxa3 Rxa3 19. 0-0 Ra2 20. Rfd1 Rfa8 21. Bf3 Bf6 22. Nf1 Rb2 23. Rd2 1/2-1/2